Normal view MARC view
  • Barker, Ernest

Entry Personal Name

Number of records used in: 3

001 - CONTROL NUMBER

  • control field: 37612

003 - CONTROL NUMBER IDENTIFIER

  • control field: NUST

005 - DATE AND TIME OF LATEST TRANSACTION

  • control field: 20210314130328.0

008 - FIXED-LENGTH DATA ELEMENTS

  • fixed length control field: 210314|| aca||aabn | a|a d

040 ## - CATALOGING SOURCE

  • Original cataloging agency: NUST
  • Transcribing agency: NUST

100 ## - HEADING--PERSONAL NAME

  • Personal name: Barker, Ernest

670 ## - SOURCE DATA FOUND

  • Source citation: Work cat.: (NUST): Barker, Ernest,, Greek political theory;, 1925.
© 2023 Central Library, National University of Sciences and Technology. All Rights Reserved.